[Event "Titled Tue 20th May Early"]
[Site "chess.com INT"]
[Date "2025.05.20"]
[Round "1"]
[White "Gonzalez Vega, Alejandro"]
[Black "Gong, Qianyun"]
[Result "0-1"]
[WhiteTitle "FM"]
[BlackTitle "WGM"]
[WhiteElo "2092"]
[BlackElo "2265"]
[WhiteFideId "3510042"]
[BlackFideId "8602425"]
[EventDate "2025.05.20"]

1. d4 Nf6 2. c4 e6 3. Nc3 Bb4 4. e3 O-O 5. Bd3 d5 6. cxd5 exd5 7. Ne2 Nc6 8. O-O
Bg4 9. f3 Bh5 10. a3 Bd6 11. b4 a6 12. Bd2 Re8 13. Rc1 Bg6 14. Bxg6 hxg6 15. Na4
g5 16. Nc5 Qc8 17. Qe1 g4 18. Qh4 Bxc5 19. Rxc5 Qf5 20. Nf4 gxf3 21. gxf3 g5 22.
Qg3 Kh8 23. Nh3 Rg8 24. Nf2 Rae8 25. Ng4 Nxg4 26. Qxg4 Qd3 27. Rf2 Rg6 28. Rc3
Qb1+ 29. Rf1 Qa2 30. Rf2 Qb1+ 31. Rc1 Qd3 32. Rc3 Qb5 33. Rc5 Qa4 34. Rc3 Reg8
35. Qd7 Rf6 36. Qg4 Kg7 37. Kg2 Kf8 38. Bc1 Qd1 39. Rc5 b6 0-1

[Event "Titled Tue 20th May Early"]
[Site "chess.com INT"]
[Date "2025.05.20"]
[Round "1"]
[White "Souleidis, Georgios"]
[Black "Chen, Yidong"]
[Result "1-0"]
[WhiteTitle "IM"]
[WhiteElo "2418"]
[BlackElo "2038"]
[WhiteFideId "4206827"]
[BlackFideId "8607028"]
[EventDate "2025.05.20"]

1. e4 c5 2. Be2 Nc6 3. f4 g6 4. Nf3 Bg7 5. O-O e6 6. c3 Nge7 7. d4 cxd4 8. cxd4
d5 9. e5 O-O 10. Be3 Nf5 11. Bf2 Qb6 12. Qd2 Bd7 13. g4 Nfe7 14. Nc3 Na5 15. b3
Rac8 16. Rac1 Qb4 17. Bh4 Rfe8 18. Bxe7 Qxe7 19. g5 Nc6 20. h4 Bf8 21. Nh2 Qb4
22. Rfd1 Nxd4 23. Bd3 Bc5 24. Kg2 Nf5 25. Bxf5 gxf5 26. Nf3 Qb6 27. Nd4 Ba3 28.
Rc2 Bb4 29. Rdc1 Rc7 30. Qd3 Rec8 31. Nce2 Ba3 32. Rxc7 Rxc7 33. Rc2 a6 34. h5
Rxc2 35. Qxc2 Qc5 36. Qd3 Bb5 37. Nxb5 axb5 38. Nd4 Bb2 39. Nxb5 Qc1 40. Qf3
Qd2+ 41. Qf2 1-0

[Event "Titled Tue 20th May Early"]
[Site "chess.com INT"]
[Date "2025.05.20"]
[Round "1"]
[White "Srinath, Rao S.V."]
[Black "Nezamyatin, Ruslan"]
[Result "1-0"]
[WhiteTitle "IM"]
[BlackTitle "CM"]
[WhiteElo "2299"]
[BlackElo "2070"]
[WhiteFideId "5028876"]
[BlackFideId "24153451"]
[EventDate "2025.05.20"]

1. d4 Nf6 2. Nc3 e6 3. e4 d5 4. exd5 exd5 5. Bg5 Be7 6. Qd2 O-O 7. O-O-O Ne4 8.
Nxe4 dxe4 9. h4 Nc6 10. Bb5 Nb4 11. a3 a6 12. Be2 Nc6 13. d5 Ne5 14. f4 exf3 15.
Nxf3 Nxf3 16. gxf3 Bf5 17. Rhg1 Bxg5 18. Rxg5 Qf6 19. Qf4 g6 20. Bd3 h6 21. Rg3
Kh7 22. h5 Qd6 23. Qxd6 cxd6 24. Bxf5 gxf5 25. Rdg1 Rg8 26. Rxg8 Rxg8 27. Rxg8
Kxg8 28. Kd2 Kg7 29. Ke3 f4+ 30. Kxf4 Kf6 31. c4 a5 32. b4 axb4 33. axb4 b6 34.
Ke4 Kg5 35. f4+ Kf6 36. Kd4 Kf5 37. c5 bxc5+ 38. bxc5 dxc5+ 39. Kxc5 Kxf4 40. d6
f5 41. d7 Kg3 42. d8=Q f4 43. Kd4 f3 44. Ke3 f2 45. Qg8+ Kh2 46. Kxf2 1-0

[Event "Titled Tue 20th May Early"]
[Site "chess.com INT"]
[Date "2025.05.20"]
[Round "1"]
[White "Le, Tuan Minh"]
[Black "Buchenau, Frank"]
[Result "1-0"]
[WhiteTitle "GM"]
[BlackTitle "FM"]
[WhiteElo "2598"]
[BlackElo "2190"]
[WhiteFideId "12401153"]
[BlackFideId "4604350"]
[EventDate "2025.05.20"]

1. d4 e6 2. Nf3 Nf6 3. Bf4 d5 4. e3 c5 5. c3 Nc6 6. Nbd2 Bd6 7. Bg3 O-O 8. Bb5
Be7 9. Bd3 b6 10. O-O Bb7 11. Qe2 Bd6 12. Rad1 Bxg3 13. hxg3 Re8 14. dxc5 bxc5
15. e4 Qb6 16. e5 Nd7 17. Rfe1 Nf8 18. Nf1 Ng6 19. N1h2 a5 20. Bxg6 fxg6 21. Ng4
Ba6 22. Qc2 Rab8 23. Rd2 d4 24. Ng5 d3 25. Qd1 c4 26. Ne4 Ne7 27. Nd6 Rf8 28.
Ne3 Qc5 29. Qg4 Nf5 30. Nexc4 Nxg3 31. Qxe6+ Kh8 32. Ne3 Ne2+ 33. Kh1 Rxf2 34.
Ng4 Rff8 35. Nf7+ Rxf7 36. Qxf7 Rf8 37. Qe6 Bc8 38. Qd6 Qxd6 39. exd6 Bxg4 40.
Rxd3 Rd8 41. Re3 Nf4 42. Re8+ Rxe8 43. Rxe8# 1-0

[Event "Titled Tue 20th May Early"]
[Site "chess.com INT"]
[Date "2025.05.20"]
[Round "1"]
[White "Lopusiewicz, Piotr"]
[Black "Maltsevskaya, Aleksandra"]
[Result "0-1"]
[WhiteTitle "FM"]
[BlackTitle "IM"]
[WhiteElo "2301"]
[BlackElo "2398"]
[WhiteFideId "1116029"]
[BlackFideId "24174041"]
[EventDate "2025.05.20"]

1. d4 Nf6 2. Bf4 g6 3. e3 d6 4. h3 Bg7 5. Nf3 O-O 6. Be2 Nbd7 7. O-O b6 8. a4 a6
9. Bh2 Bb7 10. Nc3 Ne4 11. Nxe4 Bxe4 12. Bc4 h6 13. c3 Qb8 14. Qe2 Qb7 15. Ne1
e5 16. f3 Bd5 17. Bd3 Rfe8 18. Qd2 b5 19. axb5 axb5 20. Nc2 Bc4 21. Na3 Bxd3 22.
Qxd3 b4 23. Nc4 exd4 24. exd4 Qb5 25. Ne5 Qxd3 26. Nxd3 bxc3 27. bxc3 Nb6 28.
Nb4 Rxa1 29. Rxa1 Re3 30. Rc1 Rxc3 31. Rb1 Bxd4+ 32. Kf1 Nc4 33. Ke1 Na3 34. Rd1
c5 35. Nc6 Nb5 36. Nxd4 cxd4 37. Rb1 Rc5 38. Kd2 Kg7 39. Kd3 Kf6 40. Bg1 Ke6 41.
Bh2 Kd5 42. Bg1 Rc3+ 43. Kd2 Na3 44. Rb6 Nc4+ 45. Kd1 Nxb6 0-1

[Event "Titled Tue 20th May Early"]
[Site "chess.com INT"]
[Date "2025.05.20"]
[Round "1"]
[White "Katishonok, Nikolaj"]
[Black "Sharshenbekov, Emir"]
[Result "0-1"]
[WhiteTitle "FM"]
[BlackTitle "CM"]
[WhiteElo "2004"]
[BlackElo "2091"]
[WhiteFideId "11600225"]
[BlackFideId "13810634"]
[EventDate "2025.05.20"]

1. Nf3 Nf6 2. c4 g6 3. b3 Bg7 4. Bb2 O-O 5. g3 c5 6. Bg2 d5 7. cxd5 Nxd5 8. Bxg7
Kxg7 9. Qc2 Qd6 10. Nc3 Bf5 11. Qb2 Qf6 12. O-O Nc6 13. Rfe1 Rfd8 14. e4 Nxc3
15. dxc3 Bg4 16. Re3 Bxf3 17. Rxf3 Qe6 18. Re3 Rd7 19. f4 Rad8 20. Qf2 c4 21. e5
cxb3 22. axb3 Rd1+ 23. Rxd1 Rxd1+ 24. Bf1 Qxb3 25. f5 Qd5 26. f6+ Kf8 27. Qf4
Qc5 28. Kg2 Ke8 29. Be2 Rd2 30. e6 Qd5+ 31. Kf2 Qf5 32. fxe7 fxe6 33. Ke1 Qxf4
34. gxf4 Rd6 35. Bg4 Kxe7 36. f5 gxf5 37. Bxf5 h6 38. Be4 Kf6 39. Rh3 Ne7 40.
Rxh6+ Kg5 0-1

[Event "Titled Tue 20th May Early"]
[Site "chess.com INT"]
[Date "2025.05.20"]
[Round "1"]
[White "Marynychenko, Yehor"]
[Black "Banh Gia Huy"]
[Result "0-1"]
[WhiteTitle "CM"]
[BlackTitle "IM"]
[WhiteElo "2183"]
[BlackElo "2425"]
[WhiteFideId "34160558"]
[BlackFideId "12424714"]
[EventDate "2025.05.20"]

1. e4 e5 2. Nf3 Nc6 3. Bb5 a6 4. Ba4 Nf6 5. O-O d6 6. d4 b5 7. dxe5 Nxe5 8. Nxe5
dxe5 9. Bb3 Qxd1 10. Rxd1 Bc5 11. Nc3 c6 12. Bg5 h6 13. Bxf6 gxf6 14. Ne2 f5 15.
exf5 Bxf5 16. Ng3 Bg6 17. c3 Ke7 18. a4 Rhd8 19. Rxd8 Rxd8 20. axb5 axb5 21. Nf1
f5 22. Ra6 Kd6 23. g3 Kc7 24. Kg2 f4 25. c4 f3+ 26. Kxf3 Rd3+ 27. Kg4 Rxb3 28.
cxb5 Bb6 29. bxc6 Bd3 30. Ra1 Rxb2 31. f4 exf4 32. gxf4 Rf2 33. Ng3 Rxh2 34. f5
h5+ 35. Kg5 h4 36. Nh5 h3 37. Nf4 Be3 38. Kg4 Bxf4 39. Kxf4 Rg2 40. f6 Bc4 41.
f7 Bxf7 42. Ra7+ Kxc6 43. Ra6+ Kd7 44. Rh6 Be6 45. Ke5 Re2+ 46. Kf4 Ke7 47. Kg3
Kf7 48. Rh8 Kg6 49. Rf8 Rg2+ 0-1

[Event "Titled Tue 20th May Early"]
[Site "chess.com INT"]
[Date "2025.05.20"]
[Round "1"]
[White "Galchenko, Matvey"]
[Black "Kjartansson, Gudmundur"]
[Result "1-0"]
[WhiteTitle "IM"]
[BlackTitle "GM"]
[WhiteElo "2442"]
[BlackElo "2437"]
[WhiteFideId "24175480"]
[BlackFideId "2301318"]
[EventDate "2025.05.20"]

1. f4 d5 2. Nf3 Nf6 3. g3 e6 4. Bg2 Be7 5. O-O O-O 6. d3 c5 7. Nc3 Nc6 8. e4 Rb8
9. e5 Nd7 10. d4 cxd4 11. Ne2 Nc5 12. Nexd4 Ne4 13. Be3 Bc5 14. c3 a5 15. a4 Bd7
16. Kh1 Nxd4 17. Nxd4 Qe7 18. g4 b5 19. axb5 Bxb5 20. Rf3 Qh4 21. h3 Ng3+ 22.
Kh2 Bxd4 23. Qxd4 Be2 24. Rxg3 Rxb2 25. f5 Bc4 26. Rxa5 h6 27. Ra7 Bf1 28. Bf2
Bxg2 29. Rxg2 Qd8 30. g5 hxg5 31. h4 exf5 32. Rxg5 Qb8 33. Kh3 Rxf2 34. Qxf2
Qxe5 35. Qg3 Qf6 36. Ra4 Re8 37. Rf4 Re5 38. Qf3 Qe6 39. Rg3 Re4 40. Rxe4 fxe4+
41. Qg4 Qe5 42. Qc8+ Kh7 43. Rg5 Qf4 44. Qf5+ Qxf5+ 45. Rxf5 f6 46. Rxd5 Kg6 47.
Kg3 f5 48. Kf4 Kh5 49. Rxf5+ Kxh4 50. Kxe4 g5 51. c4 g4 52. Kf4 g3 53. Rg5 g2
54. Rxg2 Kh3 55. Rf2 Kh4 56. Rh2# 1-0

[Event "Titled Tue 20th May Early"]
[Site "chess.com INT"]
[Date "2025.05.20"]
[Round "1"]
[White "Pribelszky, Bence"]
[Black "Materia, Marco"]
[Result "0-1"]
[WhiteTitle "IM"]
[BlackTitle "IM"]
[WhiteElo "2400"]
[BlackElo "2489"]
[WhiteFideId "769738"]
[BlackFideId "45150451"]
[EventDate "2025.05.20"]

1. d4 Nf6 2. Nf3 g6 3. Nc3 d5 4. Bf4 Bg7 5. Nb5 Na6 6. e3 O-O 7. Be2 Bf5 8. O-O
Ne4 9. h3 c6 10. Na3 Nc7 11. c4 Ne6 12. Be5 f6 13. Bh2 g5 14. Rc1 a6 15. Qb3 Qd7
16. Nc2 h5 17. Rfd1 Rfd8 18. cxd5 cxd5 19. Nb4 Kh7 20. Nd3 Rac8 21. g4 hxg4 22.
hxg4 Rxc1 23. Rxc1 Bxg4 24. Nfe5 Nxd4 25. Nxd7 Nxe2+ 26. Kg2 Nxc1 27. Nxc1 Rxd7
28. f3 Bxf3+ 29. Kg1 e5 30. Nd3 Rc7 31. Qxd5 Rc2 32. Ne1 Rc1 33. Bg3 g4 34. Bh4
g3 35. Bxg3 Rd1 36. Qxb7 Kg6 37. Kh2 Rd2+ 38. Bf2 Rxf2+ 39. Kg1 Ng5 40. Nxf3
Rxf3 41. Qxa6 Rxe3 42. a4 e4 43. a5 Rd3 44. Qb7 e3 45. a6 Rd1+ 46. Kg2 e2 0-1

[Event "Titled Tue 20th May Early"]
[Site "chess.com INT"]
[Date "2025.05.20"]
[Round "1"]
[White "Ghosh, Chanchal Kumer"]
[Black "Carnicelli, Valerio"]
[Result "1-0"]
[WhiteTitle "CM"]
[BlackTitle "FM"]
[WhiteElo "2018"]
[BlackElo "2396"]
[WhiteFideId "10201858"]
[BlackFideId "856185"]
[EventDate "2025.05.20"]

1. e4 d6 2. Nf3 Nf6 3. Nc3 e5 4. h3 Nc6 5. d4 exd4 6. Nxd4 Be7 7. Be2 O-O 8. Be3
Re8 9. O-O Nxd4 10. Bxd4 Bf8 11. Bd3 c6 12. f4 b5 13. a3 Bb7 14. Qf3 a6 15. e5
dxe5 16. Bxe5 Qb6+ 17. Kh1 c5 18. Qg3 c4 19. Bf5 g6 20. Rad1 Rad8 21. Bg4 Nxg4
22. hxg4 Bg7 23. Bxg7 Kxg7 24. f5 Rxd1 25. Rxd1 Re3 26. f6+ Kf8 27. Qb8+ Re8 28.
Qf4 Kg8 29. Kh2 Qc6 30. Rd2 Qc5 31. Qh6 Qf8 32. Qf4 h6 33. g5 hxg5 34. Qxg5 Kh7
35. Rd4 Kg8 36. Rh4 Qd6+ 37. Kh3 Re3+ 38. g3 1-0

[Event "Titled Tue 20th May Early"]
[Site "chess.com INT"]
[Date "2025.05.20"]
[Round "1"]
[White "Terlouw, Wouter"]
[Black "Aarav A"]
[Result "1-0"]
[WhiteTitle "CM"]
[BlackTitle "CM"]
[WhiteElo "2227"]
[BlackElo "2207"]
[WhiteFideId "1087401"]
[BlackFideId "25162748"]
[EventDate "2025.05.20"]

1. e4 c5 2. Nf3 d6 3. c3 Nf6 4. h3 g6 5. Bd3 Bg7 6. O-O Nc6 7. Re1 O-O 8. Bf1 e5
9. d3 Nh5 10. a3 a5 11. Bg5 f6 12. Bh4 Be6 13. d4 Bf7 14. Bb5 cxd4 15. cxd4 Qb6
16. Bxc6 Qxc6 17. Nc3 Nf4 18. Bg3 Nh5 19. Bh2 Rfd8 20. Rc1 Qe8 21. g4 Nf4 22.
Bxf4 exf4 23. Qa4 Qe7 24. Nd5 Bxd5 25. exd5 Qf7 26. Re6 f5 27. Ng5 Qf8 28. Rc7
h6 29. Rf7 Qxf7 30. Nxf7 Kxf7 31. gxf5 gxf5 32. Qc2 Kg8 33. Qxf5 Rd7 34. Rxh6
Rf7 35. Qg4 Re8 36. Re6 Ref8 37. Rxd6 f3 38. Re6 Rf4 39. Qg3 Rxd4 40. h4 Rxd5
41. Re7 Rf7 42. Rxf7 Kxf7 43. Qc7+ Kg6 44. Qxb7 Rd1+ 45. Kh2 Be5+ 46. Kh3 Rd3
47. Qe4+ 1-0

[Event "Titled Tue 20th May Early"]
[Site "chess.com INT"]
[Date "2025.05.20"]
[Round "1"]
[White "Micic, Aleksa"]
[Black "Bukreev, Stanislav"]
[Result "0-1"]
[WhiteTitle "FM"]
[BlackTitle "FM"]
[WhiteElo "2191"]
[BlackElo "2328"]
[WhiteFideId "989940"]
[BlackFideId "34252347"]
[EventDate "2025.05.20"]

1. d4 e6 2. c4 Nf6 3. Nf3 d5 4. Nc3 c5 5. cxd5 Nxd5 6. e4 Nxc3 7. bxc3 cxd4 8.
cxd4 Bb4+ 9. Bd2 Bxd2+ 10. Qxd2 O-O 11. Bc4 Nd7 12. O-O b6 13. Rfe1 Bb7 14. Rad1
Rc8 15. Bb3 Re8 16. h3 h6 17. Qf4 Qc7 18. Qe3 Qd6 19. Rc1 b5 20. e5 Qa3 21. Rxc8
Rxc8 22. Nd2 a5 23. Nb1 Qe7 24. Nc3 a4 25. Bd1 Qb4 26. Ne4 Bd5 27. Nd6 Rc7 28.
a3 Qb2 29. Bh5 Nf8 30. Qf4 Ng6 31. Qg3 b4 32. Nxf7 Rxf7 33. Bxg6 Rf8 34. Rb1
Qxa3 35. Qh4 b3 36. Bd3 b2 37. Qg3 Be4 38. Bxe4 Qxg3 39. f3 a3 0-1

[Event "Titled Tue 20th May Early"]
[Site "chess.com INT"]
[Date "2025.05.20"]
[Round "1"]
[White "Sitbon, Itay"]
[Black "Svetlov, Dmitry"]
[Result "1/2-1/2"]
[BlackTitle "IM"]
[WhiteElo "2192"]
[BlackElo "2335"]
[WhiteFideId "2820706"]
[BlackFideId "24102610"]
[EventDate "2025.05.20"]

1. e4 c5 2. d4 cxd4 3. c3 dxc3 4. Nxc3 e6 5. Nf3 Bb4 6. Bc4 Nc6 7. O-O Nge7 8.
e5 O-O 9. Ne4 Qc7 10. Nd6 Nxe5 11. Nxc8 Raxc8 12. Bb3 d5 13. Bf4 Bd6 14. Bg3
Nxf3+ 15. Qxf3 Bxg3 16. hxg3 Nc6 17. Qe3 Qb6 18. Qf4 Nd4 19. Qd2 Nxb3 20. axb3
Qxb3 21. Rxa7 Rc2 22. Qa5 Rxb2 23. Ra8 g6 24. g4 Rb1 25. Rxb1 Qxb1+ 26. Kh2 h6
27. Ra7 Qb2 28. Qc7 Qxf2 29. Rxb7 Qh4+ 30. Kg1 Qxg4 31. Kh2 d4 32. Qd7 Qf4+ 33.
Kg1 Qe3+ 34. Kh2 d3 35. Rb3 Qf4+ 36. Kg1 d2 37. Rd3 Ra8 38. Rxd2 Ra1+ 39. Rd1
Rxd1+ 40. Qxd1 Kg7 41. Qa1+ Qf6 42. Qa7 h5 43. Kh2 h4 44. Kg1 Qf4 45. Kh1 Qg4
46. Kh2 Qg3+ 47. Kh1 h3 48. Qd4+ Kh7 49. gxh3 Qxh3+ 50. Kg1 Qg3+ 51. Kh1 e5 52.
Qd8 Kg7 53. Qh8+ Kxh8 1/2-1/2

[Event "Titled Tue 20th May Early"]
[Site "chess.com INT"]
[Date "2025.05.20"]
[Round "1"]
[White "Xue, Haowen"]
[Black "Jovic, Stanoje"]
[Result "1-0"]
[WhiteTitle "GM"]
[BlackTitle "FM"]
[WhiteElo "2518"]
[BlackElo "2096"]
[WhiteFideId "8625492"]
[BlackFideId "905020"]
[EventDate "2025.05.20"]

1. e4 c6 2. Nf3 d5 3. d3 dxe4 4. dxe4 Qxd1+ 5. Kxd1 Bg4 6. Be2 Bxf3 7. Bxf3 h5
8. c3 Nd7 9. Kc2 g6 10. Be2 e5 11. Nd2 Ngf6 12. f3 O-O-O 13. Nc4 b5 14. Na5 Kc7
15. b4 Bh6 16. Bxh6 Rxh6 17. a4 a6 18. Nb3 Kb7 19. c4 bxa4 20. Rxa4 c5 21. Rha1
Ra8 22. b5 Ne8 23. Rxa6 Rxa6 24. Rxa6 Rh8 25. Na5+ Kc7 26. Ra7+ Kc8 27. Nc6 f6
28. Ne7+ Kd8 29. Nc6+ Kc8 30. Ne7+ Kd8 31. Nxg6 Rg8 32. Ra8+ Kc7 33. Nh4 Rf8 34.
Nf5 Rg8 35. g4 hxg4 36. fxg4 Rh8 37. h4 Nb6 38. Ra7+ Kd8 39. h5 Nc7 40. Rb7 Nc8
41. b6 Ne6 42. Rf7 Nd4+ 43. Nxd4 1-0

[Event "Titled Tue 20th May Early"]
[Site "chess.com INT"]
[Date "2025.05.20"]
[Round "1"]
[White "Kravtsiv, Martyn"]
[Black "Vasenev, Sergey"]
[Result "1-0"]
[WhiteTitle "GM"]
[BlackTitle "FM"]
[WhiteElo "2598"]
[BlackElo "2283"]
[WhiteFideId "14113147"]
[BlackFideId "4126858"]
[EventDate "2025.05.20"]

1. e4 e5 2. Nf3 Nc6 3. d4 exd4 4. Nxd4 Nf6 5. Nxc6 bxc6 6. e5 Qe7 7. Qe2 Nd5 8.
g3 g6 9. c4 Ba6 10. b3 Bg7 11. Bb2 O-O 12. Bg2 f6 13. Ba3 Nb4 14. O-O fxe5 15.
Nc3 Rab8 16. Qd2 c5 17. Rae1 d6 18. f4 Kh8 19. Bb2 Bb7 20. Bxb7 Rxb7 21. fxe5
Bxe5 22. Ne4 Rxf1+ 23. Rxf1 Rb8 24. Ng5 Rf8 25. Rxf8+ Qxf8 26. Bxe5+ dxe5 27. a3
Nc6 28. Qd5 Qf6 29. Ne4 Qf3 30. Qxc6 Qd1+ 31. Kg2 Qxb3 32. Qe8+ Kg7 33. Qxe5+
Kh6 34. Qf4+ Kg7 35. Qxc7+ Kh6 36. Qf4+ Kg7 37. Ng5 Qc2+ 38. Kh3 Qd1 39. Ne6+
Kg8 40. Qf8# 1-0

[Event "Titled Tue 20th May Early"]
[Site "chess.com INT"]
[Date "2025.05.20"]
[Round "1"]
[White "Scheglov, Gleb"]
[Black "Burmakin, Evgeniy"]
[Result "1-0"]
[WhiteTitle "FM"]
[BlackTitle "FM"]
[WhiteElo "2318"]
[BlackElo "2110"]
[WhiteFideId "34356266"]
[BlackFideId "4163729"]
[EventDate "2025.05.20"]

1. f4 Nf6 2. Nf3 d5 3. b3 c5 4. Bb2 Nc6 5. e3 a6 6. Be2 e6 7. O-O Be7 8. Ne5 Qc7
9. d3 O-O 10. Nd2 b5 11. Ndf3 Bb7 12. c4 Rad8 13. Qe1 Nb4 14. Qg3 Nc2 15. Ng5
Nxa1 16. Bxa1 d4 17. e4 Bd6 18. h4 Bxe5 19. fxe5 Nd7 20. Nf3 f6 21. Qh3 Nxe5 22.
Qxe6+ Qf7 23. Qb6 Qe7 24. Bb2 Nxf3+ 25. Bxf3 Rc8 26. cxb5 axb5 27. Qxb5 Qc7 28.
Rc1 Rfe8 29. Bxd4 Bc6 30. Qxc5 Qd7 31. Qb6 Kh8 32. Bf2 Qxd3 33. Rxc6 Qb1+ 34.
Kh2 Qxa2 35. Rxc8 Rxc8 36. Qb7 Re8 37. b4 Qxf2 38. Kh3 Qe3 39. Qc6 Rf8 40. b5
Qf4 41. b6 Qe5 42. b7 Rb8 43. Qc8+ Qe8 44. Bg4 h6 45. Bd7 1-0

[Event "Titled Tue 20th May Early"]
[Site "chess.com INT"]
[Date "2025.05.20"]
[Round "1"]
[White "Shevkunov, Vladyslav"]
[Black "Hari, Madhavan N B"]
[Result "0-1"]
[BlackTitle "IM"]
[WhiteElo "2073"]
[BlackElo "2386"]
[WhiteFideId "30953448"]
[BlackFideId "25054309"]
[EventDate "2025.05.20"]

1. e4 e5 2. Nf3 Nc6 3. Bb5 a6 4. Ba4 Nf6 5. d3 d6 6. c3 g6 7. O-O Bg7 8. Re1 O-O
9. Nbd2 b5 10. Bc2 h6 11. Nf1 d5 12. exd5 Nxd5 13. Ng3 Be6 14. Ne4 Qe7 15. a4 f5
16. Ng3 Rad8 17. Qe2 Qd7 18. Nxe5 Nxe5 19. f4 Nf7 20. Qxe6 Rfe8 21. Qxd7 Rxe1+
22. Kf2 Rxd7 23. Kxe1 Nxc3 24. axb5 Nxb5 25. Rxa6 Nd4 26. Ba4 Re7+ 27. Kf2 Nd6
28. Be3 Kh7 29. Ra8 Ne6 30. b4 Bc3 31. b5 Nd4 32. Rb8 h5 33. h4 Be1+ 34. Kxe1
Rxe3+ 35. Kf2 Rxd3 36. b6 cxb6 37. Rxb6 Nc4 38. Rb7+ Kh8 39. Rb8+ Kg7 40. Rb7+
Kh6 41. Be8 Rd2+ 42. Kg1 Ne3 43. Nf1 Rd1 44. Kf2 Nxf1 45. Rb6 Nh2 46. Rxg6+ Kh7
47. Rg5 Ng4+ 48. Kg3 Rd3# 0-1

[Event "Titled Tue 20th May Early"]
[Site "chess.com INT"]
[Date "2025.05.20"]
[Round "1"]
[White "Lukiyanchuk, Vladislav"]
[Black "Pragnya H G"]
[Result "0-1"]
[BlackTitle "WFM"]
[WhiteElo "2299"]
[BlackElo "1929"]
[WhiteFideId "14127113"]
[BlackFideId "25609785"]
[EventDate "2025.05.20"]

1. Nf3 Nf6 2. g3 d5 3. Bg2 c6 4. O-O Nbd7 5. d3 e5 6. Nc3 g6 7. e4 d4 8. Ne2 Bg7
9. Nd2 O-O 10. f4 Ng4 11. Nf3 c5 12. h3 Ne3 13. Bxe3 dxe3 14. Nc3 exf4 15. gxf4
Bd4 16. Qe2 Nf6 17. Nd1 Nh5 18. Nh2 Ng3 19. Qe1 e2+ 20. Rf2 exd1=Q 21. Rxd1 Nh5
22. c3 Bxf2+ 23. Qxf2 Qc7 24. Rf1 f5 25. e5 Be6 26. Nf3 Nxf4 27. Ng5 Qxe5 28.
Qxf4 Qxf4 29. Rxf4 Bxa2 30. c4 Rab8 31. Bd5+ Kh8 32. Rh4 Kg7 33. Rxh7+ Kf6 34.
Ne6 Rh8 35. Rc7 Bb1 36. Nxc5 Kg5 37. Rg7 Rxh3 38. Kg2 Rbh8 39. Ne6+ Kf6 40. Rxb7
Bxd3 41. Nf4 Rh2+ 42. Kg1 Be4 43. Rf7+ Kg5 44. Ne6+ Kg4 45. Bxe4 fxe4 46. Rf4+
Kg3 47. Kf1 Rh1+ 48. Ke2 R8h2+ 49. Ke3 Re1+ 50. Kd4 Rd2+ 51. Kc3 Rd3+ 52. Kc2
Rf3 53. Rxf3+ exf3 0-1

[Event "Titled Tue 20th May Early"]
[Site "chess.com INT"]
[Date "2025.05.20"]
[Round "1"]
[White "Sailer, Mike"]
[Black "Setumadhav, Yellumahanthi"]
[Result "1-0"]
[BlackTitle "FM"]
[WhiteElo "2108"]
[BlackElo "2254"]
[WhiteFideId "2012901"]
[BlackFideId "25920669"]
[EventDate "2025.05.20"]

1. d4 Nf6 2. Nf3 d5 3. e3 e6 4. Bd3 Bd6 5. b3 b6 6. Bb2 Bb7 7. Nbd2 O-O 8. O-O
Nbd7 9. Ne5 c5 10. f4 Ne4 11. Rf3 f6 12. Nxd7 Qxd7 13. Rh3 Rac8 14. a4 f5 15.
Nf3 c4 16. Bxe4 dxe4 17. Ne5 Bxe5 18. fxe5 cxb3 19. cxb3 a5 20. Qh5 g6 21. Qg5
Rc2 22. Ba3 Rfc8 23. Rg3 Qf7 24. h4 f4 25. exf4 e3 26. h5 Be4 27. hxg6 hxg6 28.
Re1 Ra2 29. Bd6 e2 30. Re3 Bd5 31. R3xe2 Rxe2 32. Rxe2 Rc1+ 33. Kh2 Qh7+ 34. Kg3
Rc3+ 35. Kf2 Qf7 36. g3 Rf3+ 37. Ke1 Rxb3 38. Kf2 Rf3+ 39. Ke1 Rb3 40. Kf2 Bb7
41. Rc2 Bd5 42. Rc7 1-0

[Event "Titled Tue 20th May Early"]
[Site "chess.com INT"]
[Date "2025.05.20"]
[Round "1"]
[White "Robert, Yoann"]
[Black "Pakleza, Zbigniew"]
[Result "0-1"]
[WhiteTitle "CM"]
[BlackTitle "GM"]
[WhiteElo "2198"]
[BlackElo "2484"]
[WhiteFideId "36018805"]
[BlackFideId "1119290"]
[EventDate "2025.05.20"]

1. b3 d5 2. Bb2 Nf6 3. e3 Bf5 4. Nf3 e6 5. c4 c6 6. d3 Nbd7 7. Nbd2 Nc5 8. Ne5
Bd6 9. d4 Nce4 10. f3 Nxd2 11. Qxd2 O-O 12. Bd3 Bxd3 13. Qxd3 Ne8 14. O-O f6 15.
Ng4 Qc7 16. f4 f5 17. Ne5 Nf6 18. Rf3 Ne4 19. a4 Bxe5 20. fxe5 a6 21. Ba3 Rfb8
22. Rc1 Qd7 23. Rff1 b5 24. cxd5 Qxd5 25. a5 b4 26. Bb2 Rb5 27. Rc4 Rab8 28.
Rfc1 c5 29. Qe2 Rxa5 30. dxc5 Rxc5 31. Bd4 Rxc4 32. Rxc4 h6 33. Rc7 Qxb3 34.
Qxa6 Qd1+ 35. Qf1 Qxf1+ 36. Kxf1 b3 37. Bb2 Ra8 38. Re7 Ra2 39. Bd4 b2 40. Bxb2
Rxb2 41. Rxe6 Rf2+ 42. Kg1 Re2 43. h3 Rxe3 44. Re8+ Kf7 45. Ra8 f4 46. Ra7+ Kg6
47. e6 Ng3 48. Ra1 Rxe6 49. Kh2 Kf5 50. h4 g5 51. hxg5 hxg5 52. Kg1 Kg4 53. Kf2
Re2+ 54. Kg1 Nf5 55. Ra3 Ne3 56. Kh1 Re1+ 57. Kh2 Nf1+ 58. Kg1 Ng3+ 59. Kf2 Rf1# 0-1

[Event "Titled Tue 20th May Early"]
[Site "chess.com INT"]
[Date "2025.05.20"]
[Round "1"]
[White "Al-Tarboush, Ward"]
[Black "Rose, Felix"]
[Result "1-0"]
[WhiteTitle "FM"]
[BlackTitle "CM"]
[WhiteElo "2223"]
[BlackElo "2093"]
[WhiteFideId "7601450"]
[BlackFideId "5105722"]
[EventDate "2025.05.20"]

1. e4 e5 2. Nf3 Nc6 3. Bb5 a6 4. Ba4 Nf6 5. O-O b5 6. Bb3 Bc5 7. c3 d6 8. a4 Rb8
9. axb5 axb5 10. d4 Bb6 11. Na3 O-O 12. Nxb5 Bg4 13. h3 Bxf3 14. Qxf3 exd4 15.
Bg5 dxc3 16. bxc3 Ne5 17. Qf5 Bxf2+ 18. Rxf2 Rxb5 19. Bd5 c6 20. Bxc6 Nf3+ 21.
Qxf3 Rxg5 22. Ra8 Qe7 23. Rxf8+ Kxf8 24. Ra2 g6 25. Qe3 Qe5 26. Rb2 Qg3 27. Qxg3
Rxg3 28. c4 Re3 29. Kf2 Rc3 30. Rb4 Kg7 31. Ke2 h5 32. Kd2 Rg3 33. e5 dxe5 34.
c5 e4 35. Bxe4 Nxe4+ 36. Rxe4 Rxg2+ 37. Kd3 Rg3+ 38. Kc4 Rxh3 39. c6 Rh1 40. Re3
Ra1 41. Kb5 Rc1 42. Re4 Rxc6 43. Kxc6 Kf6 44. Kd5 Kg5 45. Kd4 h4 46. Ke3 f5 47.
Ra4 h3 48. Kf3 Kh5 49. Kg3 g5 50. Kxh3 f4 51. Ra5 Kg6 52. Kg4 1-0